[Event "Santa Cruz Monroy Memorial"]
[Site "Santa Cruz"]
[Date "2010.01.11"]
[Round "6"]
[White "Ferrufino, Boris"]
[Black "Martinez, Ariel"]
[Result "1-0"]
[WhiteElo "2182"]
[BlackElo "2168"]
[PlyCount "83"]
[EventDate "2010.01.08"]
[EventType "tourn"]
[EventRounds "9"]
[EventCountry "BOL"]
[SourceTitle "CBM 134 Extra"]
[Source "ChessBase"]
[SourceDate "2010.03.03"]
[SourceVersion "1"]
[SourceVersionDate "2010.03.03"]
[SourceQuality "1"]

1. d4 f5 2. Nf3 g6 3. c4 Nf6 4. Nc3 Bg7 5. e3 d6 6. Bd3 0-0 7. 0-0 Nc6 8. d5 Nb4 9. Nd4 Ng4 10. a3 Nxd3 11. Qxd3 c6 12. f4 c5 13. Ne6 Bxe6 14. dxe6 Rb8 15. h3 Nf6 16. e4 fxe4 17. Nxe4 Nxe4 18. Qxe4 b5 19. Rb1 bxc4 20. Qxc4 Bd4+ 21. Kh1 d5 22. Qe2 Qd6 23. b4 c4 24. Rd1 Bg7 25. Qf3 d4 26. Qe4 Rbc8 27. Be3 c3 28. Rbc1 Rfd8 29. f5 Qe5 30. Qxe5 Bxe5 31. Bg5 d3 32. Bxe7 c2 33. Bxd8 cxd1Q+ 34. Rxd1 d2 35. Bg5 gxf5 36. Bxd2 Bg3 37. Bg5 Kg7 38. Be3 Kf6 39. Bxa7 Kxe6 40. Bc5 h5 41. a4 Bc7 42. Kg1 1-0

[Event "Santa Cruz Monroy Memorial"]
[Site "Santa Cruz"]
[Date "2010.01.11"]
[Round "7"]
[White "Martinez, Ariel"]
[Black "Saavedra, Carlos"]
[Result "0-1"]
[WhiteElo "2168"]
[BlackElo "2194"]
[PlyCount "124"]
[EventDate "2010.01.08"]
[EventType "tourn"]
[EventRounds "9"]
[EventCountry "BOL"]
[SourceTitle "CBM 134 Extra"]
[Source "ChessBase"]
[SourceDate "2010.03.03"]
[SourceVersion "1"]
[SourceVersionDate "2010.03.03"]
[SourceQuality "1"]

1. d4 Nf6 2. Nf3 g6 3. c4 Bg7 4. Nc3 d5 5. e3 0-0 6. cxd5 Nxd5 7. Bc4 Nxc3 8. bxc3 c5 9. 0-0 Nc6 10. Rb1 Qc7 11. Ba3 cxd4 12. cxd4 Na5 13. Bd3 b6 14. Qe2 Bb7 15. Rfc1 Qd7 16. Bb5 Qd8 17. Bb4 Rc8 18. Rxc8 Bxc8 19. Bxa5 bxa5 20. Bc6 Qd6 21. Qb5 Qa3 22. Bd5 Bf5 23. e4 Bg4 24. Ne5 Bxe5 25. dxe5 Qc3 26. h3 Bc8 27. Qb2 Qd3 28. Qb3 Qd4 29. Qb2 Qd3 30. Qb5 Qc3 31. Bb3 a6 32. Qd5 Be6 33. Qb7 Bxb3 34. axb3 Qxe5 35. Qxa6 Qxe4 36. Rc1 Qe5 37. Qb7 Rd8 38. Rc8 Rxc8 39. Qxc8+ Kg7 40. Qc2 Qd4 41. h4 e5 42. h5 gxh5 43. Qc7 Qd5 44. Qe7 h6 45. f4 Qd4+ 46. Kh1 exf4 47. Qc7 Qb4 48. Qe5+ Kg6 49. Qe8 Qc3 50. Qe4+ Kg5 51. Qd5+ f5 52. Kh2 f3 53. Qg8+ Kf4 54. Qg3+ Ke4 55. Qh4+ Kd3 56. Qxh5 Qe5+ 57. Kh3 Qf4 58. gxf3 Ke2 59. Qe8+ Kf2 60. Qg6 Qxf3+ 61. Kh2 Qf4+ 62. Kh3 Qg4+ 0-1

[Event "Camaguey Juegos del Alba 3rd sf"]
[Site "Camaguey"]
[Date "2009.04.20"]
[Round "1"]
[White "Martinez, Ariel"]
[Black "Blanco Ronquillo, Humberto L"]
[Result "1-0"]
[WhiteElo "1951"]
[BlackElo "2440"]
[PlyCount "75"]
[EventDate "2009.04.20"]
[EventType "team-k.o."]
[EventRounds "1"]
[EventCountry "CUB"]
[SourceTitle "EXT 2019"]
[Source "ChessBase"]
[SourceDate "2018.10.10"]
[SourceVersion "1"]
[SourceVersionDate "2018.10.10"]
[SourceQuality "1"]
[WhiteTeam "Bolivia"]
[BlackTeam "Cuba"]
[WhiteTeamCountry "BOL"]
[BlackTeamCountry "CUB"]

1. e4 d6 2. Nc3 e5 3. d3 Nf6 4. g3 g6 5. Bg2 Bg7 6. Nge2 0-0 7. 0-0 c6 8. b4 Na6 9. Rb1 Nc7 10. a4 d5 11. a5 Qe7 12. Na4 dxe4 13. dxe4 Rd8 14. Qe1 Be6 15. Be3 Nb5 16. Qc1 Ba2 17. Rb2 Bc4 18. c3 Nd6 19. Bc5 Qe6 20. f3 Bf8 21. Bf2 Nd7 22. Re1 Bb5 23. Qa1 Bh6 24. f4 Qe7 25. Nc5 Nxc5 26. Bxc5 b6 27. Bf2 bxa5 28. Bc5 axb4 29. cxb4 Qc7 30. Ra2 Bxe2 31. Raxe2 Bg7 32. f5 Nb5 33. Rf2 Bf8 34. fxg6 hxg6 35. Be3 Bxb4 36. Ref1 Rd3 37. Rxf7 Qa5 38. Qxe5 1-0

[Event "Camaguey Juegos del Alba 3rd prelim"]
[Site "Camaguey"]
[Date "2009.04.18"]
[Round "5"]
[White "Hevia Alejano, Carlos Antonio"]
[Black "Martinez, Ariel"]
[Result "0-1"]
[WhiteElo "2332"]
[BlackElo "1951"]
[PlyCount "70"]
[EventDate "2009.04.15"]
[EventType "team-tourn"]
[EventRounds "5"]
[EventCountry "CUB"]
[SourceTitle "EXT 2019"]
[Source "ChessBase"]
[SourceDate "2018.10.10"]
[SourceVersion "1"]
[SourceVersionDate "2018.10.10"]
[SourceQuality "1"]
[WhiteTeam "Cuba Juvenil"]
[BlackTeam "Bolivia"]
[WhiteTeamCountry "CUB"]
[BlackTeamCountry "BOL"]

1. e4 c5 2. Nf3 d6 3. d4 cxd4 4. Nxd4 Nf6 5. Nc3 g6 6. Be3 Bg7 7. f3 0-0 8. Qd2 Nc6 9. 0-0-0 Nxd4 10. Bxd4 Be6 11. g4 Qa5 12. Kb1 Rfc8 13. a3 Bc4 14. g5 Nh5 15. Bxg7 Nxg7 16. f4 b5 17. Bh3 Be6 18. f5 gxf5 19. exf5 Nxf5 20. Rhf1 b4 21. Na2 Rc5 22. Qxb4 Ne3 23. Bxe6 Nxf1 24. Qe4 Nd2+ 25. Rxd2 Qxd2 26. Qxa8+ Kg7 27. Bb3 Qe1+ 28. Nc1 Rf5 29. Bc4 Rxg5 30. Qf3 e6 31. Be2 Rg1 32. Qe3 a5 33. b3 e5 34. c4 f5 35. Qa7+ Kg6 0-1